LA VOZ DEL MERCADO : (Registro nro. 9482)
[ vista simple ]
| 000 -LEADER | |
|---|---|
| fixed length control field | 00633nam a2200205 a 4500 |
| 001 - CONTROL NUMBER | |
| control field | 9482 |
| 005 - DATE AND TIME OF LATEST TRANSACTION | |
| control field | 20180713193458.0 |
| 008 - FIXED-LENGTH DATA ELEMENTS--GENERAL INFORMATION | |
| fixed length control field | 140415s1992 sp 000 0 spa d |
| 041 ## - LANGUAGE CODE | |
| Language code of text/sound track or separate title | spa |
| 082 ## - DEWEY DECIMAL CLASSIFICATION NUMBER | |
| Classification number | 658.8 |
| Item number | BAR |
| 100 1# - MAIN ENTRY--PERSONAL NAME | |
| Personal name | BARABBA, VICENT P. |
| 245 13 - TITLE STATEMENT | |
| Title | LA VOZ DEL MERCADO : |
| Remainder of title | LA VENTAJA COMPETITIVA ATRAVES DEL USO CREATIVO DE LA... |
| 250 ## - EDITION STATEMENT | |
| Edition statement | 1a ed. |
| 260 ## - PUBLICATION, DISTRIBUTION, ETC. | |
| Place of publication, distribution, etc. | ESPAÑA : |
| Name of publisher, distributor, etc. | MC GRAW HILL INTERAMERICANA DE ESPAÑA, |
| Date of publication, distribution, etc. | 1992 |
| 300 ## - PHYSICAL DESCRIPTION | |
| Extent | 290 |
| 490 ## - SERIES STATEMENT | |
| Series statement | MC GRAW HILL DE MANAGEMENT |
| 650 14 - SUBJECT ADDED ENTRY--TOPICAL TERM | |
| Topical term or geographic name entry element | MERCADEO |
| General subdivision | TOMA DE DECISIONES |
| 700 1# - ADDED ENTRY--PERSONAL NAME | |
| Personal name | ANGSTADT, MICHEL |
| Relator term | tr. |
| 700 1# - ADDED ENTRY--PERSONAL NAME | |
| Personal name | ZALTMAN, GERALD |
| Relator term | coaut. |
| Withdrawn status | Lost status | Source of classification or shelving scheme | Damaged status | Not for loan | Collection code | Home library | Current library | Shelving location | Date acquired | Source of acquisition | Inventory number | Total Checkouts | Full call number | Barcode | Date last seen | Date last checked out | Price effective from | Koha item type |
|---|---|---|---|---|---|---|---|---|---|---|---|---|---|---|---|---|---|---|
| Dewey Decimal Classification | General | Biblioteca Karol Wojtyla | Biblioteca Karol Wojtyla | Sala general | 03/12/2013 | Compra | 151000000000000000026520 | 658.8 BAR | 23764 | 05/01/2026 | 09/09/2016 | 03/12/2013 | Libro | |||||
| No inventariado | Dewey Decimal Classification | Biblioteca Karol Wojtyla | Biblioteca Karol Wojtyla | 03/12/2013 | Compra | 658.8 BAR | 25114 | 03/12/2013 | Libro |